| 000 | 00875cam a2200301 i 4500 | ||
|---|---|---|---|
| 001 | 26040 | ||
| 003 | ARRUPE | ||
| 005 | 20150528110137.0 | ||
| 008 | 800708s1979 pau b 000 0 eng d | ||
| 010 | _a 79002782 | ||
| 020 | _a0877221707 | ||
| 035 | _a(OCoLC)5747045 | ||
| 035 | _a(OCoLC)ocm05747045 | ||
| 035 | _a(CStRLIN)NYCG16926218-B | ||
| 035 | _a(NNC)26040 | ||
| 040 |
_aCtY _cCtY _dNNC |
||
| 050 |
_aJC571 _b.H7698 1979 |
||
| 245 | 0 | 4 |
_aThe Human rights reader / _cedited by Walter Lacqueur and Barry Rubin. |
| 260 |
_aPhiladelphia : _bTemple University Press, _c1979. |
||
| 300 |
_a375 p. ; _c21 cm. |
||
| 504 | _aBibliography: p. 330-375. | ||
| 650 | 0 |
_aCivil rights. _92221 |
|
| 650 | 0 |
_aLiberty. _97967 |
|
| 700 | 1 |
_aLaqueur, Walter, _d1921- _917483 _eed. |
|
| 700 | 1 |
_aRubin, Barry, _d1941- _917484 _eed. |
|
| 942 |
_2lcc _cMONOGRAPH |
||
| 999 |
_c122750 _d122750 |
||